Chinese numbers : (Record no. 591693)

000 -LEADER
fixed length control field 00899nam a2200265 a 4500
001 - CONTROL NUMBER
control field 2048260
005 - DATE AND TIME OF LATEST TRANSACTION
control field 20221011153351.0
008 - FIXED-LENGTH DATA ELEMENTS--GENERAL INFORMATION
fixed length control field 921005s1992 si a b 000 0 eng
010 ## - LIBRARY OF CONGRESS CONTROL NUMBER
LC control number 92944689
020 ## - INTERNATIONAL STANDARD BOOK NUMBER
International Standard Book Number 981204325X
040 ## - CATALOGING SOURCE
Original cataloging agency DLC
Transcribing agency DLC
043 ## - GEOGRAPHIC AREA CODE
Geographic area code a-cc---
050 00 - LIBRARY OF CONGRESS CALL NUMBER
Classification number BF1623.P9
Item number L575 1992
082 00 - DEWEY DECIMAL CLASSIFICATION NUMBER
Classification number 133.3350951
Author Mark LIP
100 1# - MAIN ENTRY--PERSONAL NAME
Personal name Lip, Evelyn.
9 (RLIN) 99928
245 10 - TITLE STATEMENT
Title Chinese numbers :
Remainder of title significance, symbolism, and traditions /
Statement of responsibility, etc. Evelyn Lip.
260 ## - PUBLICATION, DISTRIBUTION, ETC.
Place of publication, distribution, etc. Singapore :
Name of publisher, distributor, etc. Times Books International,
Date of publication, distribution, etc. c1992.
300 ## - PHYSICAL DESCRIPTION
Extent 111 p. :
Other physical details ill. ;
Dimensions 24 cm.
504 ## - BIBLIOGRAPHY, ETC. NOTE
Bibliography, etc. note Includes bibliographical references (p. 110-111).
650 #0 - SUBJECT ADDED ENTRY--TOPICAL TERM
Topical term or geographic name entry element Numerology
Geographic subdivision China.
9 (RLIN) 99929
650 #0 - SUBJECT ADDED ENTRY--TOPICAL TERM
Topical term or geographic name entry element Symbolism of numbers
General subdivision China.
9 (RLIN) 99930
906 ## - LOCAL DATA ELEMENT F, LDF (RLIN)
a 7
b cbc
c orignew
d 3
e ncip
f 19
g y-gencatlg
942 ## - ADDED ENTRY ELEMENTS (KOHA)
Source of classification or shelving scheme
Koha item type Book
Holdings
Withdrawn status Lost status Source of classification or shelving scheme Damaged status Not for loan Permanent Location Current Location Shelving location Date acquired Source of acquisition Total Checkouts Full call number Barcode Date last seen Price effective from Koha item type
          Central Library (CL) Central Library (CL) Chinese Studies 10/11/2022 Donated by China Embassy   133.3350951 LIP CL-D-2030 10/11/2022 10/11/2022 Book
© 2023 Central Library, National University of Sciences and Technology. All Rights Reserved.